| 000 | 00854nam a2200229 a 4500 | ||
|---|---|---|---|
| 001 | 41023 | ||
| 003 | BD-RjUL | ||
| 005 | 20211209053320.0 | ||
| 008 | 160514s1969 bg ||||| |||| 00| f ben d | ||
| 020 | _c: Tk. 3.75 | ||
| 035 | _a(BD-RjUL) 41139 | ||
| 040 |
_aBD-RjUL _bben _cBD-RjUL |
||
| 041 | _aben | ||
| 082 |
_223 _a891.443 _bMEM 1969 |
||
| 100 |
_aমেহেদী _9126240 |
||
| 245 | 1 | 0 |
_aমা'বাত / _cমেহেদী |
| 260 |
_aসিরাজগঞ্জ : _bওরিয়েন্টাল লাইব্রেরী এণ্ড ইলেকট্রিক প্রিন্টিং প্রেস লিমিটেড, _c১৯৬৯ |
||
| 300 |
_a[২], ১৮৮ পৃ. ; _c২১ সেমি. |
||
| 650 |
_aবাংলা উপন্যাস _9126241 |
||
| 650 |
_aBengali Fiction _9126242 |
||
| 942 |
_2ddc _cBK |
||
| 999 |
_c41023 _d41023 |
||